{"text_format":"3","workbook":"xlsx","n_sheets":1,"sheets":["组价表 "],"not_rendered":{"defined_names":2},"read":"whole","date_system":"1900"}

{"sheet":"组价表 ","index":0,"n_rows":127,"n_cols":12,"rows_kept":127,"merged":[[0,0,0,7],[1,1,1,2],[2,0,2,6],[3,0,4,0],[3,1,4,2],[3,3,4,3],[3,4,4,4],[3,5,3,6],[5,0,6,0],[5,1,6,1],[7,1,7,5],[8,0,24,0],[8,1,24,1],[25,1,25,5],[26,0,30,0],[26,1,30,1],[31,1,31,5],[32,1,32,5],[33,1,33,5],[34,1,34,5],[35,1,35,5],[47,0,47,7],[48,1,48,2],[49,0,49,6],[50,0,51,0],[50,1,51,2],[50,3,51,3],[50,4,51,4],[50,5,50,6],[52,0,53,0],[52,1,53,1],[54,1,54,5],[55,0,64,0],[55,1,64,1],[65,1,65,5],[66,0,69,0],[66,1,69,1],[70,1,70,5],[71,1,71,5],[72,1,72,5],[73,1,73,5],[74,1,74,5],[99,0,99,7],[100,1,100,2],[101,0,101,6],[102,0,103,0],[102,1,103,2],[102,3,103,3],[102,4,103,4],[102,5,102,6],[104,0,105,0],[104,1,105,1],[106,1,106,5],[107,0,116,0],[107,1,116,1],[117,1,117,5],[118,0,121,0],[118,1,121,1],[122,1,122,5],[123,1,123,5],[124,1,124,5],[125,1,125,5],[126,1,126,5]]}
["H=1200防火玻璃栏杆工程量清单综合单价计算表"]
["项目编码",null,null,"项目名称","玻璃栏杆","计量单位","米","备注"]
["清单综合单价组成明细"]
["序号","名称及规格",null,"单位","数量","金额(元)"]
[{"$nulls":5},"单价","合价"]
[null,"人工","人工制作费","M",{"v":1,"d":"1.00"},{"v":6,"d":"6.00"},{"$f":"E6*F6","v":{"v":6,"d":"6.00"}},null,"按样板房单价",null,null,10]
[null,null,"人工安装费","M",{"v":1,"d":"1.00"},{"v":100,"d":"100.00"},{"$f":"E7*F7","v":{"v":100,"d":"100.00"}},null,"按样板房单价",null,null,95]
[1,"人工费小计",{"$nulls":4},{"$f":"SUM(G6:G7)","v":{"v":106,"d":"106.00"}}]
[null,null,"8+1.52pvb+8防火夹胶玻璃","M2",1.13,255,288.15,null,"成本245",null,null,225]
[null,null,"1.2厚不锈钢（立柱）","M2",0.21,260,{"v":54.6,"d":"54.60"},null,"成本240"]
[null,null,"1.2厚不锈钢（扶手）","M2",0.17,{"v":260,"d":"260.00"},{"v":44.2,"d":"44.20"},null,"成本240"]
[null,null,"4mmU型槽钢","kg",4.16,5.25,21.84,null,"按样板房单价"]
[null,null,"镀锌钢管","kg",9.13,5.7,{"v":52.041,"d":"52.04"},null,"按样板房单价"]
[null,null,"角钢","kg",1.24,5.16,{"v":6.3984,"d":"6.40"},null,"按样板房单价"]
[null,null,"防火密封胶","支",1.69,{"v":17.8,"d":"17.80"},{"v":30.082,"d":"30.08"},null,"成本16.8"]
[null,null,"M10*120机械锚栓","套",4.34,{"v":2,"d":"2.00"},8.68,null,"按样板房单价"]
[null,null,"避雷节点","M",{"v":0,"d":"0.00"},{"v":0,"d":"0.00"},{"v":0,"d":"0.00"},null,"按样板房单价"]
[null,null,"扶手成品保护盖","M",{"v":1,"d":"1.00"},{"v":2,"d":"2.00"},{"v":2,"d":"2.00"},null,"按样板房单价"]
[null,null,"制安辅材(栏杆系列)","M",{"v":1,"d":"1.00"},{"v":3,"d":"3.00"},{"v":3,"d":"3.00"},null,"按样板房单价"]
[]
[]
[]
[]
[]
[]
[2,"材料费小计",{"$nulls":4},{"$f":"SUM(G9:G25)","v":{"v":510.9914,"d":"510.99"}}]
[null,"其它","运杂费","M",{"v":1,"d":"1.00"},{"v":10,"d":"10.00"},{"$f":"E27*F27","v":{"v":10,"d":"10.00"}}]
[null,null,"成品保护费用","M",{"v":1,"d":"1.00"},{"v":2,"d":"2.00"},{"$f":"E28*F28","v":{"v":2,"d":"2.00"}}]
[null,null,"清洗费","M",{"v":1,"d":"1.00"},{"v":5,"d":"5.00"},{"$f":"E29*F29","v":{"v":5,"d":"5.00"}}]
[null,null,"机械费","M",{"v":1,"d":"1.00"},{"v":3,"d":"3.00"},{"$f":"E30*F30","v":{"v":3,"d":"3.00"}}]
[null,null,"检测费","M",{"v":0,"d":"0.00"},{"v":0,"d":"0.00"},{"$f":"E31*F31","v":{"v":0,"d":"0.00"}}]
[3,"其他小计",{"$nulls":4},{"$f":"SUM(G27:G31)","v":{"v":20,"d":"20.00"}}]
[4,"直接工程费(1+2+3)",{"$nulls":4},{"$f":"G8+G26+G32","v":{"v":636.9914,"d":"636.99"}}]
[5,"管理费﹑利润﹑风险及其他(4*8%)",{"$nulls":4},{"$f":"G33*H34","v":{"v":50.959312,"d":"50.96"}},{"v":0.08,"d":"8.0%"}]
[6,"税金(4+5)*9%",{"$nulls":4},{"$f":"(G33+G34)*H35","v":{"v":61.91556408,"d":"61.92"}},{"v":0.09,"d":"9.0%"}]
[7,"综合单价(4+5+6)",{"$nulls":4},{"$f":"G33+G34+G35","v":{"v":749.86627608,"d":"749.87"}}]
{"$rows_empty":11}
["钢付框工程量清单综合单价计算表"]
["项目编码",null,null,"项目名称","钢付框","计量单位","m","备注"]
["清单综合单价组成明细"]
["序号","名称及规格",null,"单位","数量","金额(元)"]
[{"$nulls":5},"单价","合价"]
[null,"人工","人工制作费","m",{"v":1,"d":"1.00"},{"v":2,"d":"2.00"},{"$f":"E53*F53","v":{"v":2,"d":"2.00"}}]
[null,null,"人工安装费","m",{"v":1,"d":"1.00"},{"v":13.2,"d":"13.20"},{"$f":"E54*F54","v":{"v":13.2,"d":"13.20"}}]
[1,"人工费小计",{"$nulls":4},{"$f":"SUM(G53:G54)","v":{"v":15.2,"d":"15.20"}}]
[null,null,"镀锌钢管","kg",1.86,6.55,{"$f":"E56*F56","v":{"v":12.183,"d":"12.18"}}]
[null,null,"窗框硅硐密封胶","支",0.35,{"v":14,"d":"14.00"},{"$f":"E57*F57","v":{"v":4.9,"d":"4.90"}}]
[null,null,"发泡剂","支",0.16,{"v":15,"d":"15.00"},{"$f":"E58*F58","v":{"v":2.4,"d":"2.40"}}]
[null,null,"M8*65塑料膨胀螺栓","粒",3.06,0.16,{"$f":"E59*F59","v":{"v":0.4896,"d":"0.49"}}]
[null,null,"其他辅助材料","m",{"v":1,"d":"1.00"},{"v":1,"d":"1.00"},{"$f":"E60*F60","v":{"v":1,"d":"1.00"}}]
[]
[]
[]
[]
[]
[2,"材料费小计",{"$nulls":4},{"$f":"SUM(G56:G65)","v":{"v":20.9726,"d":"20.97"}}]
[null,"其它","运杂费","m",{"v":1,"d":"1.00"},{"v":0.5,"d":"0.50"},{"$f":"E67*F67","v":{"v":0.5,"d":"0.50"}}]
[null,null,"成品保护费用","m",{"v":1,"d":"1.00"},null,{"$f":"E68*F68","v":{"v":0,"d":"0.00"}}]
[null,null,"清洗防护费","m",{"v":1,"d":"1.00"},null,{"$f":"E69*F69","v":{"v":0,"d":"0.00"}}]
[null,null,"检测费","m",{"v":1,"d":"1.00"},null,{"$f":"E70*F70","v":{"v":0,"d":"0.00"}}]
[4,"其他小计",{"$nulls":4},{"$f":"SUM(G67:G70)","v":{"v":0.5,"d":"0.50"}}]
[5,"直接工程费(1+2+3)",{"$nulls":4},{"$f":"G55+G66+G71","v":{"v":36.6726,"d":"36.67"}}]
[6,"管理费﹑利润﹑风险及其他(4*8%)",{"$nulls":4},{"$f":"G72*H73","v":{"v":2.933808,"d":"2.93"}},{"v":0.08,"d":"8.0%"}]
[7,"税金(4+5)*9%",{"$nulls":4},{"$f":"(G72+G73)*H74","v":{"v":3.56457672,"d":"3.56"}},{"v":0.09,"d":"9.0%"}]
[8,"综合单价(4+5+6)",{"$nulls":4},{"$f":"G72+G73+G74","v":{"v":43.17098472,"d":"43.17"}}]
{"$rows_empty":24}
["手动开启装置工程量清单综合单价计算表"]
["项目编码",null,null,"项目名称","手动开启装置","计量单位","套","备注"]
["清单综合单价组成明细"]
["序号","名称及规格",null,"单位","数量","金额(元)"]
[{"$nulls":5},"单价","合价"]
[null,"人工","人工制作费","套",{"v":1,"d":"1.00"},{"v":5,"d":"5.00"},{"$f":"E105*F105","v":{"v":5,"d":"5.00"}}]
[null,null,"人工安装费","套",{"v":1,"d":"1.00"},{"v":45,"d":"45.00"},{"$f":"E106*F106","v":{"v":45,"d":"45.00"}}]
[1,"人工费小计",{"$nulls":4},{"$f":"SUM(G105:G106)","v":{"v":50,"d":"50.00"}}]
[null,null,"手动开窗器","套",1.01,{"v":395,"d":"395.00"},{"$f":"E108*F108","v":398.95}]
{"$rows_empty":8}
[null,null,"其他辅助材料","套",{"v":1,"d":"1.00"},{"v":10,"d":"10.00"},{"$f":"E117*F117","v":{"v":10,"d":"10.00"}}]
[2,"材料费小计",{"$nulls":4},{"$f":"SUM(G108:G117)","v":408.95}]
[null,"其它","运杂费","套",{"v":1,"d":"1.00"},{"v":2,"d":"2.00"},{"$f":"E119*F119","v":{"v":2,"d":"2.00"}}]
[null,null,"成品保护费用","套",{"v":1,"d":"1.00"},{"v":2,"d":"2.00"},{"$f":"E120*F120","v":{"v":2,"d":"2.00"}}]
[null,null,"清洗防护费","套",{"v":1,"d":"1.00"},{"v":1,"d":"1.00"},{"$f":"E121*F121","v":{"v":1,"d":"1.00"}}]
[null,null,"检测费","套",{"v":1,"d":"1.00"},{"v":1,"d":"1.00"},{"$f":"E122*F122","v":{"v":1,"d":"1.00"}}]
[3,"其他小计",{"$nulls":4},{"$f":"SUM(G119:G122)","v":{"v":6,"d":"6.00"}}]
[4,"直接工程费(1+2+3)",{"$nulls":4},{"$f":"G107+G118+G123","v":464.95}]
[5,"管理费﹑利润﹑风险及其他(4*8%)",{"$nulls":4},{"$f":"G124*H125","v":{"v":37.196,"d":"37.20"}},{"v":0.08,"d":"8.0%"}]
[6,"税金(4+5)*9%",{"$nulls":4},{"$f":"(G124+G125)*H126","v":{"v":45.19314,"d":"45.19"}},{"v":0.09,"d":"9.0%"}]
[7,"综合单价(4+5+6)",{"$nulls":4},{"$f":"G124+G125+G126","v":{"v":547.33914,"d":"547.34"}}]